La programmation dynamique: gestion scientifique séquentielle

Saved in:
Bibliografiske detaljer
Main Authors: Kaufmann, Arnold (Author), Cruon, R (Author)
Format: Bog
Sprog:fransk
Udgivet: París Dunod 1964
Fag:
Tags: Tilføj Tag
Ingen Tags, Vær først til at tagge denne postø!

MARC

LEADER 00000nam a2200000 a 4500
001 UCQ8915
003 CL-VaPUC
008 981217e19640000FR |||||||||||||||||fre|d
082 0 4 |a 519.703  |b KAU  |2 21 
100 |a Kaufmann, Arnold  |e author  |9 479848 
700 0 |a Cruon, R  |e author  |9 423227 
245 1 3 |a La programmation dynamique: gestion scientifique séquentielle 
300 |a 273 p 
942 |c BK 
945 |d 19981217 00:00:00  |a crobeson 
260 |a París  |b Dunod  |c 1964 
650 0 |a Programación dinámica   |9 324757 
650 0 |a Programación dinámica   |9 324757 
650 7 |a PROGRAMACION DISCRETA  |2 CL-VaPUC  |9 360109 
650 0 |a Investigación operativa  |9 259383 
583 |a last modification  |c 19981217 00:00:00  |k Rodrigo Vera 
999 |c 278080  |d 278078 
952 |0 0  |1 0  |4 0  |6 519_703000000000000_KAU_1964  |7 0  |8 A  |9 316423  |a BIBMAT  |b BIBMAT  |d 2019-11-20  |i 1305956  |o 519.703 KAU 1964  |p 1305956  |r 2025-01-07  |w 2019-11-20  |y BK  |k MAT